Tirukkur̲aḷ: (Record no. 68579)

MARC details
000 -LEADER
fixed length control field 00558cam a22002171 4500
001 - CONTROL NUMBER
control field sa 66002738
003 - CONTROL NUMBER IDENTIFIER
control field DLC
005 - DATE AND TIME OF LATEST TRANSACTION
control field 20260227112232.0
008 - FIXED-LENGTH DATA ELEMENTS--GENERAL INFORMATION
fixed length control field 891026m19601964ii 000 0 tamo
010 ## - LIBRARY OF CONGRESS CONTROL NUMBER
LC control number sa 66002738
035 ## - SYSTEM CONTROL NUMBER
System control number (OCoLC)20554715
040 ## - CATALOGING SOURCE
Original cataloging agency DLC
Transcribing agency WaU
Modifying agency DLC
042 ## - AUTHENTICATION CODE
Authentication code premarc
050 00 - LIBRARY OF CONGRESS CALL NUMBER
Classification number PL4758.9.T5
Item number S3
100 1# - MAIN ENTRY--PERSONAL NAME
Personal name Cāraṅkapāṇi, Irā.
Fuller form of name (Irācakōpāl),
Dates associated with a name 1925-
245 10 - TITLE STATEMENT
Title Tirukkur̲aḷ:
Remainder of title urai ver̲r̲umai.
260 ## - PUBLICATION, DISTRIBUTION, ETC.
Date of publication, distribution, etc. [1960-64]
300 ## - PHYSICAL DESCRIPTION
Extent 3 v.
Dimensions 19 cm.
500 ## - GENERAL NOTE
General note In Tamil.
600 00 - SUBJECT ADDED ENTRY--PERSONAL NAME
Personal name Tiruvaḷḷuvar.

No items available.

Powered by Koha